00810nam a2200157 a 4500008004100000050001400041100002400055245017100079260009600250300002200346500001700368650005600385995008000441999001700521952011400538130319s2012 ||||||||||||||||| || u aTHESIS/PM aChapuswike, Justine13aAn assessment of the participatory process of institutions and communities in the management of solid waste disposal sites: a case of Ndola citycby Justin Chapuswike aKitwe:bCopperbelt University, School of Business, Department of Postgraduate studiesc2012 aviii, 131p.: ill. aBibliography aSOLID WASTE DISPOSAL SITES--MANAGEMENT-- NDOLA CITY FCBU-MAIN LIBRARY (Kitwe)M1UAVAILABLEWMar 19, 2013ZUniversity Collection c35151d35151 00102lcc4070a001b001cUniversity Collectiond2022-11-30l0oTHESIS/PMpB647r2022-11-30w2022-11-30y002